Líquido amniótico. (Registro nro. 2126)

Detalles MARC
000 -LEADER
fixed length control field 02874nam a2200385 a 4500
005 - FECHA ULTIMA MODIFICACION
control field 20240503093650.0
008 - CAMPO DE CONTROL (LIBRO)
fixed length control field 141203t1975||||ag a f |||| 001 0 spa d
020 ## - INTERNATIONAL STANDARD BOOK NUMBER
ISBN S/I
041 ## - CODIGO DE IDIOMA
Código de idioma del texto/pista de sonido o título separado spa
092 ## - SIGNATURA TOPOGRAFICA DEWEY LOCAL
número de clasificación 618.3
libristica 93
sección VOT
100 1# - ENTRADA PRINCIPAL--NOMBRE PERSONAL
Nombre personal Votta, Roberto A.
9 (RLIN) 275
245 ## - TITULO PROPIAMENTE DICHO
Título Líquido amniótico.
Subtítulo y Título paralelo Investigaciones clínicas aplicadas al conocimiento del estado fetal /
Mención de responsabilidad y remanente de la transcripción de la portada Roberto A. Votta.
250 ## - MENCION DE EDICION
Mención de edición 1a ed.
260 ## - PIE DE IMPRENTA
Lugar de publicación, distribución, etc Buenos Aires:
Nombre de la editorial, distribuidor, etc Editorial Médica Panamericana;
Fecha de publicación 1975.
300 ## - DESCRIPCION FISICA
Extension 168 p.
Otros detalles físicos Il.
500 ## - NOTA GENERAL
Nota general Votta, R. A. et al. (1975). Líquido amniótico. Investigaciones clínicas aplicadas al conocimiento del estado fetal. (1a ed.). Buenos Aires : Editorial Médica Panamericana.
653 ## - TÉRMINO INDIZADO - PALABRAS CLAVES
Palabra clave Dinámica del líquido amniótico: Formación, circulación y reabsorción. Volumen. Composición.
653 ## - TÉRMINO INDIZADO - PALABRAS CLAVES
Palabra clave Técnicas de la amniocentesis: Amniocentesis transparietoabdominal. Amniocentesis vaginal.
653 ## - TÉRMINO INDIZADO - PALABRAS CLAVES
Palabra clave Inconvenientes de la amniocentesis: Por vía abdominal. Por vía vaginal.
653 ## - TÉRMINO INDIZADO - PALABRAS CLAVES
Palabra clave Aplicaciones clínicas del estudio cotológico del líquido amniótico: Generalidades, aplicación. Origen de las células del líquido amniótico. Diagnóstico de la madurez fetal.
653 ## - TÉRMINO INDIZADO - PALABRAS CLAVES
Palabra clave Aplicaciones clínicas del estudio de la creatinina del líquido amniótico: Generalidades sobre concentración de creatinina. Madurez fetal y concentración de creatinina. Concentración de creatinina y peso fetal. Concentración de creatinina y volumen del líquido amniótico.
653 ## - TÉRMINO INDIZADO - PALABRAS CLAVES
Palabra clave Fosfolípidos del líquido y madurez pulmonar del feto: Valoración de la madurez pulmonar fetal. Valor del estudio de los fosfolipidos en los embarazos patológicos. Inducción enzimática de la madurez fetal.
653 ## - TÉRMINO INDIZADO - PALABRAS CLAVES
Palabra clave Vitalidad fetal y estudio del líquido amniótico: Determinación de la bililrrubina del líquido amniótico en la ertrobastosis fetal. Tensión de oxigeno y equilibrio ácido-base. Reacciones inmunológicas en el líquido amniótico de embarazadas chagásicas. Glucosa en elíquido amniótico. Estriol en el líquido amniótico.
653 ## - TÉRMINO INDIZADO - PALABRAS CLAVES
Palabra clave Amniografías: Localización placentaria. Morfología del útero. Morfología del feto. Madurez fetal. Vitalidad fetal. Molagrafía.
653 ## - TÉRMINO INDIZADO - PALABRAS CLAVES
Palabra clave Diagnóstico prenatal de anomalías genéticas mediante el estudio del líquido amniótico: Técnica. Amniocentesis. Estudio de las células no cultivadas. Estudio de células cultivadas. Estudio de los componentes no celulares del líquido amniótico.
653 ## - TÉRMINO INDIZADO - PALABRAS CLAVES
Palabra clave Posibilidades de la terapéutica fetal por vía intraamniótica
700 1# - ENTRADAS SECUNDARIAS - NOMBRE PERSONAL
Nombre personal Parada, Osvaldo H.
9 (RLIN) 276
700 1# - ENTRADAS SECUNDARIAS - NOMBRE PERSONAL
Nombre personal Gadow, Enrique
9 (RLIN) 3687
700 1# - ENTRADAS SECUNDARIAS - NOMBRE PERSONAL
Nombre personal Winograd, Raúl H.
9 (RLIN) 3688
700 1# - ENTRADAS SECUNDARIAS - NOMBRE PERSONAL
Nombre personal Gregoretti, María A.
9 (RLIN) 3689
700 1# - ENTRADAS SECUNDARIAS - NOMBRE PERSONAL
Nombre personal Salcedo, Liliana
9 (RLIN) 3690
700 1# - ENTRADAS SECUNDARIAS - NOMBRE PERSONAL
Nombre personal Marchese, Carlos A.
9 (RLIN) 3691
700 1# - ENTRADAS SECUNDARIAS - NOMBRE PERSONAL
Nombre personal Pastori, Ángel A.
9 (RLIN) 3692
942 ## - ADDED ENTRY ELEMENTS (KOHA)
Source of classification or shelving scheme Dewey Decimal Classification
Item type Libros
Existencias
Estado de retiro Existencia Fuente de clasificación Estado general No para prestamo Ubicación permanente ubicación actual Sala de ubicación Fecha de adquisición Fuente de adquisición Total Checkouts Número de clasificación Código de barras Date last seen Número de ejemplar Price effective from Koha tipo de elemento (item) Public note
    Dewey Decimal Classification     Biblioteca Medicina Biblioteca Medicina Circulación 03/12/2014 Donación Diciembre 2014   618.3 93 VOT 3422 03/12/2014 Ej.1 03/12/2014 Libros Donación Diciembre 2014

UNIVERSIDAD NACIONAL DEL COMAHUE
Biblioteca de la Facultad de Ciencias Médicas
Sede Toschi: Los Arrayanes y Av. Toschi, Cipolletti  - Rio Negro
Sede Los Tordos:  Yrigoyen al 2211, Cipolletti - Rio Negro 

Teléfono: 0299 - 4774707 int 25
Contacto: biblioteca@facimed.uncoma.edu.ar
© 2011 - 2026